Southville International School and Colleges
Your cart is empty.
  • Cart
  • Lists
    Public lists Eva Luna New books Lux_list list_1
    Your lists Log in to create your own lists
  • Log in to your account
  • Your cookies
  • Search history
Southville International School and Colleges
  • Advanced search
  • Recent comments
  • Most popular
  • Libraries

Log in to your account

Log in with GOOGLE


If you do not have an external account, but do have a local account, you can still log in:

  1. Home
  2. MARC view: The effect of rock music on the behavior of grade six students of Southville International School and Colleges /
Normal view MARC view ISBD view

The effect of rock music on the behavior of grade six students of Southville International School and Colleges / (Record no. 97455)

[ view plain ]
MARC details
000 -LEADER
fixed length control field 00892nam a2200217 a 4500
003 - CONTROL NUMBER IDENTIFIER
control field 0
005 - DATE AND TIME OF LATEST TRANSACTION
control field 20250324135715.0
008 - FIXED-LENGTH DATA ELEMENTS--GENERAL INFORMATION
fixed length control field 060729s19uu xx 00 eng d
050 ## - LIBRARY OF CONGRESS CALL NUMBER
Classification number PGS ML 3928.R63.B44
Item number .As843 2006
100 ## - MAIN ENTRY--PERSONAL NAME
Personal name Asprec, Emmanuel Romagn M.
245 ## - TITLE STATEMENT
Title The effect of rock music on the behavior of grade six students of Southville International School and Colleges /
Statement of responsibility, etc Emmanuel Romagn M. Asprec.
260 ## - PUBLICATION, DISTRIBUTION, ETC. (IMPRINT)
Place of publication, distribution, etc Las Piñas City, Philippines :
Name of publisher, distributor, etc Southville International School and Colleges,
Date of publication, distribution, etc 2006.
300 ## - PHYSICAL DESCRIPTION
Extent 52 pages :
Other physical details illustrations ;
Dimensions 28 cm.
504 ## - BIBLIOGRAPHY, ETC. NOTE
Bibliography, etc Includes bibliographical references.
650 ## - SUBJECT ADDED ENTRY--TOPICAL TERM
Topical term or geographic name as entry element Rock music
Form subdivision Psychological aspects.
650 ## - SUBJECT ADDED ENTRY--TOPICAL TERM
Topical term or geographic name as entry element Music and youth
Form subdivision Behavioral aspects.
650 ## - SUBJECT ADDED ENTRY--TOPICAL TERM
Topical term or geographic name as entry element Music
Form subdivision Social aspects.
650 ## - SUBJECT ADDED ENTRY--TOPICAL TERM
Topical term or geographic name as entry element Student behavior
Form subdivision Influence of music.
650 ## - SUBJECT ADDED ENTRY--TOPICAL TERM
Topical term or geographic name as entry element Music and education
Form subdivision Elementary students.
942 ## - ADDED ENTRY ELEMENTS (KOHA)
Koha item type PASS
Source of classification or shelving scheme Library of Congress Classification
Holdings
Withdrawn status Lost status Source of classification or shelving scheme Damaged status Home library Current library Shelving location Date acquired Source of acquisition Total Checkouts Full call number Barcode Date last seen Price effective from Koha item type
    Library of Congress Classification   Luxembourg Library Luxembourg Library Portfolio Assessment of SISC Students Section 07/24/2006 Donation   PGS ML 3928.R63.B44 .As843 2006 P1494 04/08/2014 04/08/2014 PASS

The effect of rock music on the behavior of grade six students of Southville International School and Colleges /

APA

Asprec E. R. M., . (2006). The effect of rock music on the behavior of grade six students of Southville International School and Colleges. Las Piñas City, Philippines: Southville International School and Colleges.

Chicago

Asprec Emmanuel Romagn M, . 2006. The effect of rock music on the behavior of grade six students of Southville International School and Colleges. Las Piñas City, Philippines: Southville International School and Colleges.

Harvard

Asprec E. R. M., . (2006). The effect of rock music on the behavior of grade six students of Southville International School and Colleges. Las Piñas City, Philippines: Southville International School and Colleges.

MLA

Asprec Emmanuel Romagn M, . The effect of rock music on the behavior of grade six students of Southville International School and Colleges. Las Piñas City, Philippines: Southville International School and Colleges. 2006.

  • Print
  • Cite
  • Add to your cart (remove)
  • Save record
    BIBTEX Dublin Core MARCXML MARC (non-Unicode/MARC-8) MARC (Unicode/UTF-8) MARC (Unicode/UTF-8, Standard) MODS (XML) RIS
  • More searches
    Search for this title in:
    Other Libraries (WorldCat) Other Databases (Google Scholar) Online Stores (Bookfinder.com) Open Library (openlibrary.org)

Exporting to Dublin Core...

SOUTHVILLE LIBRARY

Southville International School and Colleges Library

1281 Tropical Ave. Cor. Luxembourg St., BF Homes International, Las Pinas City

Tel. No. 8256374 / 252358 Loc. 117/146

Powered by Koha